000 01054cam a22003254a 4500
005 20260322212009.0
008 data
010 _a 2004006325
020 _a0813342643 (pbk.)
020 _a0813342651 (hardcover)
020 _a9780813342641 (pbk.)
020 _a9780813342658 (hardcover)
040 _aDLC
_cDLC
_dDLC
_dDLC
042 _apcc
050 0 0 _aQA76.17
_b.C36 2004
082 0 0 _a004/.09
_222
092 _a004.09 C36 2004
100 1 _aCampbell-Kelly, Martin.
245 1 0 _aComputer :
_ba history of the information machine /
_cMartin Campbell-Kelly & William Aspray.
250 _a2nd ed.
260 _aBoulder, Colo. :
_bWestview Press,
_c2004.
300 _axviii, 325 p. :
_bill. ;
_c23 cm.
440 4 _aThe Sloan technology series
504 _aIncludes bibliographical references (p. 301-314) and index.
650 0 _aComputers
_xHistory.
650 0 _aElectronic data processing
_xHistory.
700 1 _aAspray, William.
856 4 1 _3Table of contents
_uhttp://www.loc.gov/catdir/toc/ecip0416/2004006325.html
001 data
999 _c175
_d175